LIBRARY & INFORMATION CENTRE, KCAET, TAVANUR

ONLINE PUBLIC ACCESS CATALOGUE (OPAC)

Economics of imperfect competition / (Record no. 2663)

MARC details
000 -LEADER
fixed length control field 00387cam a2200145ua 4500
041 ## - LANGUAGE CODE
Language code of text/sound track or separate title eng
082 ## - DEWEY DECIMAL CLASSIFICATION NUMBER
Classification number 338.6048
Item number ROB/EC
100 ## - MAIN ENTRY--AUTHOR NAME
Personal name Robinson, Joan .
245 ## - TITLE STATEMENT
Title Economics of imperfect competition /
260 ## - PUBLICATION, DISTRIBUTION, ETC. (IMPRINT)
Place of publication Melbourne :
Name of publisher MacMillan and Company Limited ,
Year of publication 1964.
300 ## - PHYSICAL DESCRIPTION
Number of Pages 352 ; .
942 ## - ADDED ENTRY ELEMENTS (KOHA)
Koha item type Books
Holdings
Withdrawn status Lost status Damaged status Home library Current library Date acquired Full call number Accession Number Koha item type
Withdrawn     KAUAET Sanskrit University 07/04/2012 338.6048 5164 Books
free website counter